000 00679nam a2200217 u 4500
005 20240831063724.0
008 090513s2007 cl r 000 0 spa d
020 _a9580491135
035 _aUPN01000170423
049 _aI
050 4 _aPZ73
_bS5.3
100 1 _aSierra i Fabra, Jordi,
_d1947-
_930256
245 1 0 _aCuentos para niños que creen en marcianos /
_cJordi Sierra i Fabra ; il. Juan Felipe Sanmiguel.
260 _aBogotá :
_bNorma,
_c2007.
300 _a120 p. :
_bil.
440 0 _aTorre de papel.
_pAzul
650 4 _aCiencia ficción
_vCuentos y leyendas
_913121
650 4 _aCuentos infantiles españoles
_97725
905 _aInfantil
999 _c142528
_d142528